export_success — 

Measuring business excellence. Volume 11, Number 4, Managing with measures in the public sector

Bibliographic Details
Corporate Author: ProQuest (Firm)
Other Authors: Jarra, Yasar., Schiuma, Giovanni.
Format: Electronic eBook
Language:English
Published: Bradford : Emerald Insight, c2007.
Series:Measuring business excellence ; 11, no. 4
Subjects:
Online Access:Click to View
LEADER 01325nam a2200349Ia 4500
001 EBC328757
003 MiAaPQ
005 20200520144314.0
006 m o d |
007 cr cn|||||||||
008 051220s2007 enk s 000 0 eng d
020 |z 9781846637360 
020 |z 9781846637377 
035 |a (MiAaPQ)EBC328757 
035 |a (Au-PeEL)EBL328757 
035 |a (CaPaEBR)ebr10211645 
035 |a (CaONFJC)MIL114385 
035 |a (OCoLC)437197064 
040 |a MiAaPQ  |c MiAaPQ  |d MiAaPQ 
050 4 |a HD30.213  |b .M4311 2007 
245 0 0 |a Measuring business excellence.  |n Volume 11, Number 4,  |p Managing with measures in the public sector  |h [electronic resource] /  |c guest editors: Yasar Jarrar and Giovanni Schiuma. 
260 |a Bradford :  |b Emerald Insight,  |c c2007. 
300 |a 92 p. 
490 0 |a Measuring business excellence ;  |v 11, no. 4 
533 |a Electronic reproduction. Ann Arbor, MI : ProQuest, 2015. Available via World Wide Web. Access may be limited to ProQuest affiliated libraries. 
650 0 |a Management information systems. 
650 0 |a Public administration. 
655 4 |a Electronic books. 
700 1 |a Jarra, Yasar. 
700 1 |a Schiuma, Giovanni. 
710 2 |a ProQuest (Firm) 
856 4 0 |u https://ebookcentral.proquest.com/lib/matrademy/detail.action?docID=328757  |z Click to View